000 00310nam a22001217a 4500
008 160505b xxu||||| |||| 00| 0 eng d
020 _a9780073370934
020 _a9780073370934
041 _aeng
080 _a61
245 _aA Topical approach to life span development:
_cJohn W. Santrock;
942 _2udc
_cBK
999 _c1829
_d1829